00345nam a22001097a 450000500170000000800410001708200210005824500300007926000860010930000170019565000230021220260407123050.0260407b |||||||| |||| 00| 0 eng d a330.95491bECO-S aEconomic Survey 2001-2002 aPakistan bGovernemnt of Pakistan Economic Advisor's Wing Finance Division c2002 axxvi, 179 p. aManagement Science